[Event "Salerno op"]
[Site "Salerno "]
[Date "2012.01.28"]
[Round "3"]
[White "Paladino, Giovanni"]
[Black "Maddaloni, Giovanni"]
[Result "1-0"]
[WhiteElo "1820"]
[BlackElo "1770"]
[PlyCount "48"]
[EventDate "2012.01.27"]
[EventType "swiss"]
[EventRounds "6"]
[EventCountry "ITA"]
[SourceTitle "EXT 2014"]
[Source "ChessBase"]
[SourceDate "2013.11.20"]
[SourceVersion "1"]
[SourceVersionDate "2013.11.20"]
[SourceQuality "1"]

1. e4 c5 2. Nf3 d6 3. d4 cxd4 4. Nxd4 Nf6 5. Nc3 g6 6. f3 a6 7. Be3 Bg7 8. Qd2 Nc6 9. 0-0-0 0-0 10. g4 Be6 11. h4 Nxd4 12. Bxd4 Qa5 13. g5 Nh5 14. Bxg7 Nxg7 15. Kb1 Rfe8 16. Bh3 Rac8 17. Nd5 Qxd2 18. Rxd2 Bxh3 19. Rxh3 Rc6 20. f4 Nh5 21. Rf3 Kg7 22. f5 Rc4 23. Re2 gxf5 24. exf5 Rxh4 1-0

[Event "ITA-ch U20"]
[Site "Bratto"]
[Date "2006.08.26"]
[Round "8"]
[White "Paladino, Giovanni"]
[Black "Sala, Giovanni"]
[Result "1-0"]
[WhiteElo "1760"]
[BlackElo "1968"]
[PlyCount "54"]
[EventDate "2006.08.19"]
[EventType "swiss"]
[EventRounds "9"]
[EventCountry "ITA"]
[SourceTitle "CBM 113 Extra"]
[Source "ChessBase"]
[SourceDate "2006.09.14"]
[SourceVersion "1"]
[SourceVersionDate "2006.09.14"]
[SourceQuality "1"]

1. e4 c5 2. Nf3 d6 3. d4 cxd4 4. Nxd4 Nf6 5. Nc3 a6 6. Be3 e5 7. Nb3 Be7 8. a4 Be6 9. Be2 Nbd7 10. 0-0 0-0 11. f4 exf4 12. Rxf4 Re8 13. Nd4 Qc7 14. Nxe6 fxe6 15. Bg4 Nxg4 16. Qxg4 Bf6 17. Qh5 Ne5 18. Raf1 Ng6 19. R4f3 Nf8 20. e5 Bxe5 21. Ne4 Re7 22. Ng5 g6 23. Qh4 d5 24. c3 Bg7 25. Bd4 e5 26. Be3 h6 27. Nh3 Qc4 1-0

[Event "ITA-ch U20"]
[Site "Bratto"]
[Date "2006.08.25"]
[Round "7"]
[White "Paladino, Giovanni"]
[Black "Torrisi, Andrea"]
[Result "1/2-1/2"]
[WhiteElo "1760"]
[BlackElo "1917"]
[PlyCount "90"]
[EventDate "2006.08.19"]
[EventType "swiss"]
[EventRounds "9"]
[EventCountry "ITA"]
[SourceTitle "CBM 113 Extra"]
[Source "ChessBase"]
[SourceDate "2006.09.14"]
[SourceVersion "1"]
[SourceVersionDate "2006.09.14"]
[SourceQuality "1"]

1. e4 c5 2. Nf3 Nc6 3. d4 cxd4 4. Nxd4 Nf6 5. Nc3 e5 6. Nf3 Be7 7. Be3 d6 8. Be2 0-0 9. 0-0 Ng4 10. Bc1 f5 11. Bc4+ Kh8 12. h3 fxe4 13. Nxe4 Nf6 14. Nc3 e4 15. Ng5 d5 16. Nxd5 Nxd5 17. Qxd5 Bxg5 18. Qxg5 Qxg5 19. Bxg5 Ne5 20. Bd5 Bxh3 21. Bxe4 Bg4 22. b3 Rac8 23. c4 b6 24. Rfe1 Rce8 25. Re3 Nd7 26. Rae1 Nc5 27. Bc6 Rxe3 28. Rxe3 h6 29. Bh4 Na6 30. Re8 Rxe8 31. Bxe8 Bd1 32. Be7 Bc2 33. b4 Bd3 34. c5 bxc5 35. bxc5 Nc7 36. Bd7 Ba6 37. Bd6 Nd5 38. a4 Nf6 39. c6 Ne4 40. Be7 Nc3 41. Bc5 Nxa4 42. Bxa7 Bb5 43. f3 Nc3 44. Kf2 Nd5 45. Bc5 Nf6 1/2-1/2